000 00372nam a2200121Ia 4500
999 _c14095
_d14095
008 260210s9999 xx 000 0 und d
020 _a9780471286769
082 _a747.09
100 _a Robbie G. Blakemore and Julie L. Rabun
245 0 _aHistory of Interior Design and Furniture: From Ancient Egypt to Nineteenth-Century Europe
260 _bWiley
942 _cBDES
_2ddc